000 02032nam a2200421 c 4500
003 BLK
005 20250129151402.0
008 180412b bul|||||r ||||||| ||bul||
010 _aKNG00007196000
020 _a954-9866-13-0
040 _aBLK
041 _aBUL
_cBUL
080 _aБългарска литература в основното училище. Методика на обучението
_b373.3.016:821.163.2
_x(075.2)
_z373.3.016:821.163.2(075.2)
080 _aЛитературна дейност. Редактиране. Култура на речта. Стилистика. Литературна техника
_b808
_x(075.2)
_z808(075.2)
100 1 _aВасева, Милена Петрова
_eпърви автор
_9250867
139 _aВасева, Милена Петрова и др.
_bВ 23
245 1 0 _aСъчинение разсъждение върху епическа творба - VII клас
_cМилена Петрова Васева; съавт. Весела Василева Михайлова.
257 _aBGR
260 _bСветлоструй
_c2000
_fВраца : Полипринт
300 _a102 с.
_c22 см
380 _a3
490 1 _aАз мога
500 _aОфс. изд.
650 4 _aБългарска литература - учебници за основни училища
_9250869
650 4 _aСъчинение и преразказ - учебници за основни училища
_9242721
653 _aбългарска литература
653 _aсъчинение разсъждение
653 _aVІІ кл.
653 _aучебници за основни училища
700 1 _aМихайлова, Весела Василева
_997747
852 _aЦб 210657
856 4 _qpdf
_u
856 4 _qpdf
_u
942 _cKNG
_n0
_01
944 _aCR
_c15.01.2003
_lПравда Бадева
_k30567
944 _aED
_c19.11.2014
_lф /
_kЛюдмила_Стоянова
999 _c5983
_d5983
999 _d5983